<?xml version="1.0" encoding="UTF-8"?>
<collection xmlns="http://www.loc.gov/MARC21/slim">
    <record>
        <controlfield tag="001">71077</controlfield>
        <controlfield tag="005">20200214155258.0</controlfield>
        <datafield tag="037" ind1=" " ind2=" ">
            <subfield code="a">NORMAS-2018-012</subfield>
        </datafield>
        <datafield tag="100" ind1=" " ind2=" ">
            <subfield code="a">Consejo de Gobierno</subfield>
        </datafield>
        <datafield tag="245" ind1=" " ind2=" ">
            <subfield code="a">Directrices para el establecimiento y modificación de la relación de puestos de trabajo del personal docente e investigador de la Universidad de Zaragoza.</subfield>
        </datafield>
        <datafield tag="260" ind1=" " ind2=" ">
            <subfield code="a">Zaragoza</subfield>
            <subfield code="b">Consejo de Gobierno de la Universidad de Zaragoza</subfield>
            <subfield code="c">27-06-2018-27-06-2018-27-06-2018</subfield>
        </datafield>
        <datafield tag="650" ind1=" " ind2=" ">
            <subfield code="a">PDI ; Directrices ; Encargo ; Docente ; Departamentos ; Criterios </subfield>
        </datafield>
        <datafield tag="653" ind1="1" ind2=" ">
            <subfield code="a">Derogadas</subfield>
        </datafield>
        <datafield tag="856" ind1="0" ind2=" ">
            <subfield code="f">msoto@unizar.es</subfield>
        </datafield>
        <datafield tag="856" ind1="4" ind2=" ">
            <subfield code="s">357019</subfield>
            <subfield code="u">http://zaguan.unizar.es/record/71077/files/Normativa_2018.pdf</subfield>
            <subfield code="y">Normativa_2018</subfield>
            <subfield code="z">1</subfield>
        </datafield>
        <datafield tag="856" ind1="4" ind2=" ">
            <subfield code="s">207685</subfield>
            <subfield code="u">http://zaguan.unizar.es/record/71077/files/Modificaci%C3%B3n%202019.pdf</subfield>
            <subfield code="y">Modificación 2019</subfield>
            <subfield code="z">2</subfield>
        </datafield>
        <datafield tag="920" ind1=" " ind2=" ">
            <subfield code="a">(BOUZ 05-2018, de 3 de julio)</subfield>
        </datafield>
        <datafield tag="980" ind1=" " ind2=" ">
            <subfield code="a">NORMAS</subfield>
        </datafield>
    </record>

    
</collection>